000 00288nam a22001337a 4500
008 210303b ||||| |||| 00| 0 eng d
020 _a9780071402606
041 _aeng
080 _a61
100 _a4
101 _aSHM
245 _aThe Patient History
_cTierney,M.L
942 _2udc
_cBK
999 _c55590
_d55590